| 000 | 00673nam a22001577a 4500 | ||
|---|---|---|---|
| 008 | 170420b xxu||||| |||| 00| 0 eng d | ||
| 082 |
_22016 _aUT 0741 _bG13 |
||
| 100 |
_919918 _aGallego, Edvel Grace A. |
||
| 245 |
_aMga Estratehiya sa pagtuturo ng Wikang Filipino Tungo sa Pglinang ng Kasanayang Komunikatibo ng mgga mag-aaral sa Ika-8 taon ng Digos City National High School. _cEdvel Grace A. Gallego, Aneza D. Mulat and regen S. Nieva. |
||
| 300 |
_a47 pages; _b29 cm. |
||
| 650 | 0 |
_919920 _aEducation _vFilipino _xUndergraduate Thesis. |
|
| 700 |
_919923 _aGallego, Edvel Grace A. |
||
| 700 |
_919924 _aMulat, Aneza D. |
||
| 700 |
_919925 _aNieva, Regen S |
||
| 942 |
_2ddc _cUT |
||
| 999 |
_c6581 _d6581 |
||